LAW OF INSOLVENCY (Record no. 9897)

MARC details
000 -LEADER
fixed length control field 00296nam a22001457a 4500
003 - CONTROL NUMBER IDENTIFIER
control field SGT
082 ## - DEWEY DECIMAL CLASSIFICATION NUMBER
Classification number 346,AIY
100 ## - MAIN ENTRY--PERSONAL NAME
Personal name AIYAR,S.K
245 ## - TITLE STATEMENT
Title LAW OF INSOLVENCY
250 ## - EDITION STATEMENT
Edition statement 7TH
260 ## - PUBLICATION, DISTRIBUTION, ETC. (IMPRINT)
Place of publication, distribution, etc NEW DELHI
Name of publisher, distributor, etc UNIVERSAL BOOK
Year of Publication 2013
300 ## - PAGE DESCRIPTION
No. of Pages 698
650 ## - SUBJECT ADDED ENTRY--TOPICAL TERM
Topical term or geographic name as entry element INSOLVENCY
942 ## - ADDED ENTRY ELEMENTS (KOHA)
Source of classification or shelving scheme Dewey Decimal Classification
Koha item type Books
942 ## - ADDED ENTRY ELEMENTS (KOHA)
-- 11
Holdings
Withdrawn status Lost status Source of classification or shelving scheme Damaged status Not for loan Collection code Home library Current library Shelving location Date acquired Vendor Name Cost, normal purchase price SGTU Bill Number Total Checkouts Full call number Accession No. (Barcode) Date last seen Date last borrowed Bill Date Koha item type
    Dewey Decimal Classification     LAW SGT Science & Social Sciences Library SGT Science & Social Sciences Library Text Book 10/09/2016 JUPITER LAW HOUSE 995.00 SGTU 856 11 346,AIY FL477 21/04/2023 08/04/2023 31/10/2014 Books
    Dewey Decimal Classification     LAW SGT Science & Social Sciences Library SGT Science & Social Sciences Library Text Book 10/09/2016 JUPITER LAW HOUSE 995.00 SGTU 856   346,AIY FL478 10/09/2016   31/10/2014 Books